000 00794nam a22002297a 4500
008 081119t xxu||||| |||| 00| 0 eng d
010 _aENG-91640
020 _a97881203366001
_c325.00
035 _aEN-75173
037 _bDBAD / PUB
040 _adpl
_bEnglish
082 _a628
100 _aSrinivasan, D.
245 _aEnvironmental engineering /
_cby D. Srinivasan
260 _aNew Delhi
_bPHI Learning
_c2009
270 _aM-97 Connaught Circus
_bNew Delhi
_e110001
300 _axvii, 422p.:
_bill.
_c23cm (pbk)
500 _aIncludes index
650 _aEnvironmental engineering
942 _2ddc
_cEN
_mSRI
_h628
999 _c18651
_d18651